Rainbow Six Siege Gadgets - Statistics

General Stats
  • This quiz has been taken 159 times
  • The average score is 16 of 52
Answer Stats
Hint Answer % Correct
SAS EMP Grenade (EG MKO-EMP)
75%
SAS Signal Disrupter
64%
SAS Sledgehammer
63%
FBI Breaching Round
52%
Spetsnaz Entry Denial Device
52%
FBI Cardiac Sensor (HB-5)
51%
Y2 Electronic Rendering Cloak (ERC-7)
49%
GIGN Stim Pistol (MPD-0)
45%
Y1 Skeleton Key (SK4-12)
44%
GSG 9 Active Defense System (Magpie)
42%
Y2 Candela
40%
Spetsnaz Cluster Charge (APM-6 "Matryoshka")
40%
Y1 Black Eye (Gyro Cam Mk2)
39%
Y2 GU Mine
39%
GIGN Shock Drone
39%
Y1 Welcome Mat (Sterling Mk2)
39%
Spetsnaz Mounted LMG (Degtyaryov)
38%
FBI Exothermic Charge
36%
Spetsnaz Flip Sight (OTs-03)
36%
Y2 Black Mirror
34%
Y1 Luison/ Silent Step
33%
Y1 Yokai
33%
GSG 9 Flash Shield (G52)
30%
Y3 Evil Eye
29%
SAS Remote Gas Grenade (Compound Z8)
27%
GSG 9 Shock Wire (Crude Electronical Device)
27%
Y4 Pest Launcher
26%
Y1 Tactical Crossbow (TAC MK0)
26%
Y1 X-Kairos
26%
GIGN Le Roc
25%
Y3 Airjab Launcher
23%
Y2 Logic Bomb
23%
Y4 Trax Stingers
22%
GIGN Armor Pack (R1N 'Rhino' Armor)
21%
Y3 Electro Claw
21%
Y4 Mag-net System
21%
Y1 Transparent Armoured Rifle Shield
21%
Y4 Garra Hook
20%
Y2 Grzmot Mine
20%
FBI Armored Panel
19%
GSG 9 Electronics Detector (Red Mk III "Spectre")
19%
Y3 Prisma
19%
Y3 CCE Shield
18%
Y2 KS79 Lifeline
18%
Y3 EE-ONE-D
17%
Y4 Glance Smart Glasses
17%
Y2 Eyenox (Model III)
16%
Y3 Suri Torch
15%
Y4 Volcán Shield
15%
Y4 HEL Presence Reduction
14%
Y4 LV Explosive Lance
13%
Y3 Nanobot Shot
9%
No matching quizzes found
Score Distribution
Percent of People with Each Score
Percentile by Number Answered
Your Score History
You have not taken this quiz